000 00472nam a2200181Ia 4500
001 24315
005 20260414151035.0
008 260414t2022||||xx |||||||||||||| ||spa||
041 _aESP
082 _a345.3
_bA66
100 _aArana Morales, William,
_eAUT
245 0 _aLa prueba, el juicio y la impugnación en el proceso penal acusatorio
_b
260 _c2022
300 _a445 pƔginas :
_c25 cm.
650 _aDER
654 _aCDE
942 _cLIB
_dJUS
_fJUS
_2ddc
_n
999 _c24315
_d24315